Sovietnaattil Khrusovinusesham (Record no. 27489)

MARC details
000 -LEADER
fixed length control field 00538nam a2200181Ia 4500
003 - CONTROL NUMBER IDENTIFIER
control field OSt
005 - DATE AND TIME OF LATEST TRANSACTION
control field 20230216151156.0
008 - FIXED-LENGTH DATA ELEMENTS--GENERAL INFORMATION
fixed length control field 211109s9999||||xx |||||||||||||| ||und||
040 ## - CATALOGING SOURCE
Transcribing agency SBCL
082 ## - DEWEY DECIMAL CLASSIFICATION NUMBER
Classification number 894.812 4
Item number PAV-S
100 ## - MAIN ENTRY--PERSONAL NAME
Personal name Pavanan,
245 #0 - TITLE STATEMENT
Title Sovietnaattil Khrusovinusesham
260 ## - PUBLICATION, DISTRIBUTION, ETC.
Name of publisher, distributor, etc. sahithya pravarthaka co-operative society
Place of publication, distribution, etc. kottayam
Date of publication, distribution, etc. 1965
300 ## - PHYSICAL DESCRIPTION
Extent 184p.
630 ## - SUBJECT ADDED ENTRY--UNIFORM TITLE
General subdivision General Stack
650 ## - SUBJECT ADDED ENTRY--TOPICAL TERM
Topical term or geographic name entry element Literature & rhetoric
942 ## - ADDED ENTRY ELEMENTS (KOHA)
Koha item type BOOK
650 ## - SUBJECT ADDED ENTRY--TOPICAL TERM
General subdivision Literatures of other languages
Source of heading or term Altaic, Uralic, Hyperborean & Dravidian
Holdings
Withdrawn status Lost status Source of classification or shelving scheme Damaged status Not for loan Home library Current library Date acquired Cost, normal purchase price Total Checkouts Full call number Barcode Shelving location Date last seen Price effective from Koha item type
    Dewey Decimal Classification     SB LIBRARY SB LIBRARY 09/11/2021 100.00   894.812 PAV-S 028309 GENERAL STACK 09/11/2021 09/11/2021 BOOK

Powered by Koha